| 000 | 00550nam a2200133Ia 4500 | ||
|---|---|---|---|
| 008 | 171212s9999 xx 000 0 und d | ||
| 020 | _a9781921666308 | ||
| 100 | _aWanna, John;Arklay, Tracey | ||
| 245 |
_cWanna, John;Arklay, Tracey _aThe Ayes Have It _bThe history of the Queensland Parliament, 1957-1989 |
||
| 260 |
_bANU E Press _c2010 |
||
| 650 | _aPolitical Science | ||
| 650 | _aPolitics, Australian Politics; History of Australian politics, Queensland Parliament History from 1957 – 1989 | ||
| 856 | _uwww.jstor.org/stable/10.2307/j.ctt24h7kp | ||
| 999 |
_c351346 _d351346 |
||